000 00294nam a22001337a 4500
008 181219b xxu||||| |||| 00| 0 eng d
020 _a9780821223383
041 _aeng
080 _a710
100 _a42
101 _aART
245 _aLandscapes Of The Spirit
_cWillam.N
942 _2udc
_cBK
999 _c53488
_d53488